000 01424nam a2200349 a 4500
001 ebr10442998
003 CaPaEBR
006 m u
007 cr cn|||||||||
008 110223s2009 enka s 001 0 eng d
020 _z9781847193551
020 _z9781847193568 (e-book)
040 _aCaPaEBR
_cCaPaEBR
035 _a(OCoLC)426118676
050 1 4 _aQA76.9.D3
_bW75 2009eb
100 1 _aWright, Matt.
245 1 0 _aOracle SOA Suite developer's guide
_h[electronic resource] :
_bdesign and build service-oriented architecture solutions with the Oracle SOA Suite 10gR3 /
_cMatt Wright, Antony Reynolds.
260 _aBirmingham, U.K. :
_bPackt Pub.,
_c2009.
300 _axv, 621 p. :
_bill. (some col.)
500 _aIncludes index.
533 _aElectronic reproduction.
_bPalo Alto, Calif. :
_cebrary,
_d2011.
_nAvailable via World Wide Web.
_nAccess may be limited to ebrary affiliated libraries.
630 0 0 _aOracle (Computer file)
650 0 _aRelational databases.
650 0 _aWeb services.
650 0 _aService-oriented architecture (Computer science)
650 0 _aComputer network architectures.
650 0 _aInformation resources management.
655 7 _aElectronic books.
_2local
700 1 _aReynolds, Antony.
710 2 _aebrary, Inc.
856 4 0 _uhttp://site.ebrary.com/lib/rucke/Doc?id=10442998
_zAn electronic book accessible through the World Wide Web; click to view
999 _c135605
_d135605